Разработка новых подходов к синтезу пиридилпиридонов и оксидипиридинов – структурных фрагментов биологически активных соединений; Химия и химическая технология в XXI веке; Т. 2

Bibliographic Details
Parent link:Химия и химическая технология в XXI веке: материалы XXV Юбилейной Международной научно-практической конференции студентов и молодых ученых имени выдающихся химиков Л.П. Кулёва и Н.М. Кижнера, посвященной 100-летию со дня рождения профессора В.П. Лопатинского, 20-24 мая 2024 г., г. Томск/ Национальный исследовательский Томский политехнический университет.— .— Томск: Изд-во ТПУ, 2024
Т. 2.— 2024.— С. 382-384
Main Author: Ерин К. Д. Кирилл Дмитриевич
Other Authors: Краснокутская Е. А. Елена Александровна (научный руководитель)
Summary:Заглавие с экрана
Текстовый файл
Language:Russian
Published: 2024
Subjects:
Online Access:http://earchive.tpu.ru/handle/11683/84212
Format: Electronic Book Chapter
KOHA link:https://koha.lib.tpu.ru/cgi-bin/koha/opac-detail.pl?biblionumber=678184

MARC

LEADER 00000naa2a2200000 4500
001 678184
005 20250217160022.0
090 |a 678184 
100 |a 20250116d2024 k||y0rusy50 ca 
101 0 |a rus 
102 |a RU 
135 |a drcn ---uucaa 
200 1 |a Разработка новых подходов к синтезу пиридилпиридонов и оксидипиридинов – структурных фрагментов биологически активных соединений  |f К. Д. Ерин, Е. А. Краснокутская  |g науч. рук. Е. А. Краснокутская 
300 |a Заглавие с экрана 
320 |a Литература: 6 назв 
336 |a Текстовый файл 
461 1 |0 677027  |9 677027  |t Химия и химическая технология в XXI веке  |o материалы XXV Юбилейной Международной научно-практической конференции студентов и молодых ученых имени выдающихся химиков Л.П. Кулёва и Н.М. Кижнера, посвященной 100-летию со дня рождения профессора В.П. Лопатинского, 20-24 мая 2024 г., г. Томск  |f Национальный исследовательский Томский политехнический университет  |c Томск  |d 2024  |n Изд-во ТПУ 
463 1 |0 677030  |9 677030  |t Т. 2  |d 2024  |v С. 382-384  |u conference_tpu-2024-C27_V2.pdf 
545 1 |a Малотоннажная химия: реинжиниринг и суверенные технологии 
610 1 |a труды учёных ТПУ 
610 1 |a электронный ресурс 
610 1 |a оксидипиридины 
610 1 |a структурные фрагменты 
610 1 |a биологически активные соединения 
610 1 |a пиридоны 
700 1 |a Ерин  |b К. Д.  |c химик-технолог  |c инженер Томского политехнического университета  |f 1995-  |g Кирилл Дмитриевич  |9 22284 
701 1 |a Краснокутская  |b Е. А.  |c химик-органик  |c профессор Томского политехнического университета, доктор химических наук  |f 1966-  |g Елена Александровна  |9 11725 
702 1 |a Краснокутская  |b Е. А.  |c химик-органик  |c профессор Томского политехнического университета, доктор химических наук  |f 1966-  |g Елена Александровна  |4 727 
801 0 |a RU  |b 63413507  |c 20250116  |g RCR 
850 |a 63413507 
856 4 |u http://earchive.tpu.ru/handle/11683/84212  |z http://earchive.tpu.ru/handle/11683/84212 
942 |c CF